000 00541nam a2200193 a 4500
001 1772188197890
003 YourLibrary
005 20260227160154.0
008 260227s2009##################000#0#eng##
020 _a9780199217359
082 0 4 _a324.9
_bKLI
100 1 _aKlingemann, Hans-Dieter,
_eauthor.
245 1 0 _aThe Comparative Study of Electoral Systems :
260 _bOxford University Press, USA,
_c2009.
300 _a450 pages
650 0 _aPolitical Science.
942 _cENGLISH
040 _aYourLibrary
_beng
_cYourLibrary
999 _c615948
_d615948